000 00329nam a2200121Ia 4500
008 220216s9999 xx 000 0 und d
100 _aAhmad Faiz B. Md. Alif
245 0 _aPerformance of some pre-emergence herbicides in nurseries
260 _bPlanters Bulletin
_c1979
300 _a71-74
650 _aHerbicides
942 _cJS
999 _c64788
_d64788